00581 a2200181 450000100060000002000150000604000220002110000210004324000250006424500200008930000080010936200090011765000230012694200070014995201130015695201130026999900170038256744 a8532249981 cAnchieta - Pituba aCarrasco, Walcyr10aOs miseráveislpor10aOs miseráveis a1600 a2002 4aLiteratura juvenil cBK 00104070a91.1b91.1d2023-11-21l0oLJ 028.5 C313m CAR MISp6358/PITr2023-11-21 18:24:15w2023-11-21yBK 00104070a91.1b91.1d2023-11-21l0oLJ 028.5 C313m CAR MISp6359/PITr2023-11-21 18:24:15w2023-11-21yBK c56744d56744